[Event "SVK-chT5 A22 2223"]
[Site "Slovakia"]
[Date "2023.01.21"]
[Round "5.3"]
[White "Kincik, Martin1111"]
[Black "Prochazka, Viliam"]
[Result "1-0"]
[WhiteElo "1000"]
[BlackElo "1442"]
[PlyCount "94"]
[EventDate "2022.10.15"]
[EventType "team-tourn"]
[EventRounds "9"]
[EventCountry "SVK"]
[SourceTitle "EXT 2024"]
[Source "ChessBase"]
[SourceDate "2023.10.10"]
[SourceVersion "1"]
[SourceVersionDate "2023.10.10"]
[SourceQuality "1"]
[WhiteTeam "Hlohovec III"]
[BlackTeam "Modranka Komplet Seniors"]
[WhiteTeamCountry "SVK"]
[BlackTeamCountry "SVK"]

1. e4 c6 2. d4 d5 3. e5 Bf5 4. Nf3 e6 5. Bd3 Bxd3 6. Qxd3 Qa5+ 7. Bd2 Qa6 8. Qxa6 Nxa6 9. a3 c5 10. c3 c4 11. 0-0 Ne7 12. Nh4 Nc6 13. Be3 Be7 14. Nf3 0-0 15. Nbd2 Nc7 16. g4 Kh8 17. g5 g6 18. h4 Ne8 19. Kg2 Ng7 20. Rh1 Bd8 21. Nh2 Ne7 22. Ng4 Nef5 23. Nf6 Be7 24. Rh3 a5 25. Rah1 Nh5 26. Nxh5 gxh5 27. f4 b5 28. Kf2 b4 29. Nf1 bxc3 30. bxc3 Rab8 31. a4 Rb2+ 32. Kf3 Rfb8 33. Ng3 Nxg3 34. Rxg3 Rc2 35. Rc1 Ra2 36. Rgg1 Rb3 37. Rb1 Rxa4 38. Rxb3 cxb3 39. Rb1 Rc4 40. Rxb3 a4 41. Rb7 Bf8 42. Rxf7 Kg8 43. Rf6 Rxc3 44. Rxe6 a3 45. Ra6 Rc2 46. f5 a2 47. f6 Kf7 1-0

[Event "SVK-Cup13 G1 corr"]
[Site "Slovakia"]
[Date "2002.07.20"]
[Round "?"]
[White "Pekar, Jozef"]
[Black "Prochazka, Viliam"]
[Result "1-0"]
[WhiteElo "1927"]
[BlackElo "1980"]
[PlyCount "29"]
[EventDate "2002.??.??"]
[EventType "tourn (corr)"]
[EventRounds "12"]
[EventCountry "SVK"]
[SourceTitle "Corr 2004"]
[Source "ChessBase"]
[SourceDate "2003.04.28"]
[SourceVersion "3"]
[SourceVersionDate "2003.04.28"]
[SourceQuality "1"]

1. e4 e5 2. Nf3 Nc6 3. Bb5 f5 4. Nc3 fxe4 5. Nxe4 Nf6 6. Qe2 Qe7 7. 0-0 d5 8. Ng3 e4 9. Bxc6+ bxc6 10. Nd4 Bd7 11. d3 c5 12. Ndf5 Bxf5 13. Nxf5 Qe6 14. dxe4 Qxe4 15. Qb5+ 1-0

[Event "SVK-Cup13 G1 corr"]
[Site "Slovakia"]
[Date "2002.07.13"]
[Round "?"]
[White "Bystricky, Kamil"]
[Black "Prochazka, Viliam"]
[Result "1-0"]
[WhiteElo "1604"]
[BlackElo "1980"]
[PlyCount "29"]
[EventDate "2002.??.??"]
[EventType "tourn (corr)"]
[EventRounds "12"]
[EventCountry "SVK"]
[SourceTitle "Corr 2004"]
[Source "ChessBase"]
[SourceDate "2003.04.28"]
[SourceVersion "3"]
[SourceVersionDate "2003.04.28"]
[SourceQuality "1"]

1. d4 Nf6 2. c4 c5 3. d5 e6 4. Nc3 exd5 5. cxd5 d6 6. Nf3 g6 7. g3 Bg7 8. Bg2 0-0 9. 0-0 Nbd7 10. Bf4 Qe7 11. e4 Ng4 12. Rc1 b6 13. Re1 Bb7 14. Bg5 f6 15. Bf4 1-0